Central Library OPAC University of Rajshahi

Inflation, are we next? : (Record no. 58500)

MARC details
000 -LEADER
fixed length control field 01067nam a2200301 a 4500
001 - CONTROL NUMBER
control field 58500
003 - CONTROL NUMBER IDENTIFIER
rucl marc code BD-RJUL
005 - DATE AND TIME OF LATEST TRANSACTION
control field 20211209080629.0
008 - FIXED-LENGTH DATA ELEMENTS--GENERAL INFORMATION
fixed length control field 161218s1990 coua b 001 0 eng d
020 ## - INTERNATIONAL STANDARD BOOK NUMBER
International Standard Book Number 155587150X
035 ## - SYSTEM CONTROL NUMBER
System control number BD-RjUL58624
040 ## - CATALOGING SOURCE
Original cataloging agency BD-RjUL
Language of cataloging eng
Transcribing agency BD-RjUL
041 ## - LANGUAGE CODE
Language code of text/sound track or separate title eng
082 ## - DEWEY DECIMAL CLASSIFICATION NUMBER
Edition number 23
Classification number 332.41
Author mark and year INF 1990
245 00 - TITLE STATEMENT
Title Inflation, are we next? :
Remainder of title hyperinflation and solutions in Argentina, Brazil, and Israel /
Statement of responsibility, etc. edited by Pamela S. Falk
260 ## - PUBLICATION, DISTRIBUTION, ETC. (IMPRINT)
Place of publication, distribution, etc. Boulder, Colo ;
-- London :
Name of publisher, distributor, etc. Lynne Rienner,
Date of publication, distribution, etc. 1990
300 ## - PHYSICAL DESCRIPTION
Pagination ix, 166 p :
Illustrations ill ;
Size 24 cm
504 ## - BIBLIOGRAPHY, ETC. NOTE
Bibliography, etc Includes bibliographical references (p. 153-159) and index
650 #0 - SUBJECT ADDED ENTRY--TOPICAL TERM
Topical term or geographic name as entry element Economic stabilization
Geographic subdivision Argentina
9 (RLIN) 173763
Topical term or geographic name as entry element Economic stabilization
Geographic subdivision Brazil
9 (RLIN) 173764
Topical term or geographic name as entry element Economic stabilization
Geographic subdivision Israel
9 (RLIN) 173765
Topical term or geographic name as entry element Inflation (Finance)
Geographic subdivision Argentina
9 (RLIN) 173766
Topical term or geographic name as entry element Inflation (Finance)
Geographic subdivision Brazil
9 (RLIN) 173767
Topical term or geographic name as entry element Inflation (Finance)
Geographic subdivision Israel
9 (RLIN) 173768
700 1# - ADDED ENTRY--PERSONAL NAME
Personal name Falk, Pamela S.
942 ## - ADDED ENTRY ELEMENTS (KOHA)
Source of classification or shelving scheme Dewey Decimal Classification
Koha item type Books
Holdings
Lost status Source of classification or shelving scheme Damaged status Not for loan Collection code Permanent Location Current Location Shelving location Date acquired Total Checkouts Full call number Date last seen Copy number Koha item type
  Dewey Decimal Classification   Not For Loan Non-fiction Central Library, University of Rajshahi Central Library, University of Rajshahi Reading Room 07/08/1993   332.41 INF 1990 18/12/2016 C-1 Books